[Event "Chigorin Memorial 25th"]
[Site "St Petersburg"]
[Date "2017.10.21"]
[Round "1"]
[White "Shuvalov, Evgenij"]
[Black "Gimenez, Gregoire"]
[Result "1-0"]
[WhiteElo "2247"]
[BlackElo "1711"]
[PlyCount "45"]
[EventDate "2017.10.21"]
[EventType "swiss"]
[EventRounds "9"]
[EventCountry "RUS"]
[SourceTitle "CBM 181 Extra"]
[Source "ChessBase"]
[SourceDate "2017.12.12"]
[SourceVersion "1"]
[SourceVersionDate "2017.12.12"]
[SourceQuality "1"]

1. Nf3 Nf6 2. c4 c5 3. Nc3 Nc6 4. g3 d5 5. cxd5 Nxd5 6. Bg2 Bg4 7. Qa4 Bxf3 8. Bxf3 e6 9. 0-0 Be7 10. Nxd5 exd5 11. Qb3 Nd4 12. Qxb7 Nxf3+ 13. exf3 0-0 14. d3 g5 15. Be3 Qd6 16. Qb3 Rfb8 17. Qc2 Rb6 18. b3 f5 19. d4 Qf6 20. dxc5 Rc8 21. Qd3 Bxc5 22. Rac1 d4 23. Bxd4 1-0